000 00482cam a22002051 4500
001 sa 68004147
003 DLC
005 20260227112459.0
008 881028s1967 xx 000 0 beno
010 _asa 68004147
035 _a(OCoLC)23553621
040 _aDLC
_cMiU
_dDLC
042 _apremarc
050 0 0 _aPK1718.J27
_bK3
100 1 _aJahangir, Burhanuddin Khan.
245 1 0 _aKaṇṭhasvara.
260 _c[1967]
300 _a116 p.
_c22 cm.
500 _aRomanized.
999 _c80001
_d80001